Súčasné podmienky a koncepčné smery prestavby pôsobenia finančno-ekonomických nástrojov v investičnom procese výstup pre CP 902 450

Guardado en:
Detalles Bibliográficos
Formato: Libro
Lenguaje:eslovaco
Publicado: Bratislava VŠE 1987
Etiquetas: Agregar Etiqueta
Sin Etiquetas, Sea el primero en etiquetar este registro!

MARC

LEADER 00000nam a2200000 4500
001 c031899
005 20260325125639.9
041 0 |a slo 
044 |a SK 
245 1 0 |a Súčasné podmienky a koncepčné smery prestavby pôsobenia finančno-ekonomických nástrojov v investičnom procese  |b výstup pre CP 902 450 
264 1 |a Bratislava  |b VŠE  |c 1987 
300 |a 48 s.